| 000 | nam a22 7a 4500 | ||
|---|---|---|---|
| 999 |
_c43766 _d43766 |
||
| 003 | OSt | ||
| 005 | 20180220123235.0 | ||
| 008 | 180220b xxu||||| |||| 00| 0 eng d | ||
| 040 | _cSERO SOFT | ||
| 100 | _aKURASHI DR,DABIR | ||
| 245 | _aSHARIRK SHIKSHA MEIN COMPUTER ANUPROYOG | ||
| 260 |
_aNEW DELHI _bSPORTS PUB NEW DELHI _c2012 |
||
| 300 | _a248 | ||
| 942 |
_2ddc _c01 |
||